Сбалансированность экономического развития в условиях интенсификации общественного производства; Интенсификация общественного производства

التفاصيل البيبلوغرافية
Parent link:Интенсификация общественного производства.— 1985
المؤلف الرئيسي: Коган С. Л. Софья Леонидовна
اللغة:الروسية
منشور في: 1985
الموضوعات:
التنسيق: MixedMaterials فصل الكتاب
KOHA link:https://koha.lib.tpu.ru/cgi-bin/koha/opac-detail.pl?biblionumber=236329

MARC

LEADER 00000naa2a2200000 4500
001 236329
005 20240204120130.0
035 |a (RuTPU)RU\TPU\book\257489 
090 |a 236329 
100 |a 20130422d1985 k y0rusy50 ca 
101 0 |a rus 
102 |a RU 
200 1 |a Сбалансированность экономического развития в условиях интенсификации общественного производства  |f С. Л. Коган 
463 1 |0 (RuTPU)RU\TPU\retro\31634  |t Интенсификация общественного производства  |o [сборник статей]  |f Томский государственный университет (ТГУ) ; отв. ред. А. П. Бычков  |d 1985  |p 192 с. 
610 1 |a труды учёных ТПУ 
700 1 |a Коган  |b С. Л.  |c экономист  |c профессор Томского политехнического университета, доктор экономических наук  |f 1955-  |g Софья Леонидовна  |3 (RuTPU)RU\TPU\pers\30705  |9 14985 
801 1 |a RU  |b 63413507  |c 20130422 
801 2 |a RU  |b 63413507  |c 20221226  |g RCR 
942 |c BK